| 000 | 00989 a2200337 4500 | ||
|---|---|---|---|
| 001 | 57062 | ||
| 999 |
_c57062 _d14400 |
||
| 003 | TR-AnTOB | ||
| 005 | 20251121084403.0 | ||
| 008 | 061130s20041992mauab b 00110 eng | ||
| 010 | _a2004055089 | ||
| 020 | _a1405117141 (pbk. : alk. paper) | ||
| 040 |
_aDLC _cDLC _dDLC |
||
| 041 | _aeng | ||
| 042 | _apcc | ||
| 050 |
_aDD75 _b.T62 2004 |
||
| 090 | _aDD75 .T62 2004 | ||
| 100 |
_aTodd, Malcolm, _cFSA _929541 |
||
| 245 | 4 |
_aThe early Germans / _cMalcolm Todd. |
|
| 250 | _a2nd ed. | ||
| 264 | 1 |
_aMalden, MA : _bBlackwell Pub., _c2004. |
|
| 300 |
_axii, 266 p. : _bill., maps ; _c23 cm. |
||
| 490 | 0 | _aThe peoples of Europe | |
| 504 | _aIncludes bibliographical references (p. [256]-260) and index. | ||
| 650 | 0 |
_aGermanic peoples _xHistory _929542 |
|
| 650 | 7 |
_aCermen halkları _xTarih _2etuturkob _929543 |
|
| 856 | 4 |
_uhttp://www.h-net.org/review/hrev-a0e6a8-aa _3Book review (H-Net) |
|
| 901 | _a0017590 | ||
| 902 | _abs | ||
| 942 | _cBK | ||